All UFC fighters whose last names start with a - Statistics

General Stats
  • This quiz has been taken 21 times
  • The average score is 11 of 166
Answer Stats
Answer % Correct
Magomed Ankalaev
67%
Israel Adesanya
53%
Eryk Anders
47%
Andy Anderson
40%
Arnold Allen
40%
Brendan Allen
40%
Corey Anderson
40%
Lowell Anderson
40%
Megan Anderson
40%
Andrei Arlovski
33%
Eddie Alvarez
33%
Jaime Alvarez
33%
Joel Álvarez
33%
Sean Alvarez
33%
Houston Alexander
27%
José Aldo
27%
Lucas Alexander
27%
Jermaine Andre
20%
John Allan
20%
Tom Aspinall
20%
Amir Albazi
13%
Anthony Adams
13%
Askar Askar
13%
Askar Askarov
13%
Asu Almabayev
13%
Ben Askren
13%
Gilbert Aldana
13%
Hector Aldana
13%
Irene Aldana
13%
John Albert
13%
Juan Adams
13%
Scott Adams
13%
Teddy Ash
13%
Adlan Amagov
7%
Amilcar Alves
7%
Bruno Assis
7%
Cesar Almeida
7%
Daichi Abe
7%
Danny Abbadi
7%
Dylan Andrews
7%
Ericka Almeida
7%
Estefani Almeida
7%
Igor Araujo
7%
Jailton Almeida
7%
Jaqueline Amorim
7%
Junior Assuncao
7%
Kai Asakura
7%
Klidson Abreu
7%
Lucas Almeida
7%
Mansur Abdul-Malik
7%
Marcio Alexandre
7%
Matt Andersen
7%
Nurullo Aliev
7%
Olivier Aubin-Mercier
7%
Rafael Alves
7%
Raphael Assunção
7%
Ricardo Abreu
7%
Ricardo Almeida
7%
Shamil Abdurakhimov
7%
Sultan Aliev
7%
Talita Alencar
7%
Thiago Alves
7%
Thomas Almeida
7%
Viviane Araújo
7%
Warlley Alves
7%
Abdul-Kareem Al-Selwady
0%
Abdul Razak Alhassan
0%
Abu Azaitar
0%
Adam Antolin
0%
Akbarh Arreola
0%
Alatengheili
0%
Alen Amedovski
0%
Alexandra Albu
0%
Alex Andrade
0%
Alfonso Alcarez
0%
Ali Al-Qaisi
0%
Alice Ardelean
0%
Amir Aliakbari
0%
Antonio Arroyo
0%
Aoriqileng
0%
Arman Ashimov
0%
Ashiek Ajim
0%
Austin Arnett
0%
Bekzat Almakhan
0%
Benny Alloway
0%
Bill Algeo
0%
Carrese Archer
0%
Cesar Arzamendia
0%
Chad Anheliger
0%
Chris Avila
0%
Christian Aguilera
0%
Collin Anglin
0%
Cyril Asker
0%
Dan Argueta
0%
Eli Aronov
0%
Fabio Agu
0%
Felipe Arantes
0%
Gadzhimurad Antigulov
0%
Garrett Armfield
0%
Hamdy Abdelwahab
0%
Hashem Arkhagha
0%
Herdem Alacabek
0%
Hunter Azure
0%
Hyder Amil
0%
Ibo Aslan
0%
Ikram Aliskerov
0%
Ildemar Alcantara
0%
Irina Alekseeva
0%
Iuri Alcantara
0%
Jessica Aguilar
0%
Jéssica Andrade
0%
Jessin Ayari
0%
Jesus Aguilar
0%
Jim Alers
0%
JJ Aldrich
0%
John Adajar
0%
John Alessio
0%
Jose Alday
0%
Jose Augusto
0%
Josh Appelt
0%
Juan Andres Luna
0%
Julia Avila
0%
Julio Arce
0%
Julius Anglickas
0%
Junior Albini
0%
Kevin Aguilar
0%
Khusein Askhabov
0%
Leon Aliu
0%
Leonardo Augusto Leleco
0%
Makwan Amirkhani
0%
Marcello Aguiar
0%
Marcus Aurelio
0%
Mariya Agapova
0%
Matt Arroyo
0%
Nariman Abbassov
0%
Nick Agallar
0%
Nick Aguirre
0%
Olaf Alfonso
0%
Omari Akhmedov
0%
Ottman Azaitar
0%
Papy Abedi
0%
Pat Audinwood
0%
Patricia Alujas
0%
Razak Al-Hassan
0%
Reese Andy
0%
Rheza Arianto
0%
Rich Attonito
0%
Romie Aram
0%
Rostem Akman
0%
Royce Alger
0%
Sam Adkins
0%
Sam Alvey
0%
Sarah Alpar
0%
Scott Askham
0%
Shinsho Anzai
0%
Tank Abbott
0%
Tatsuya Ando
0%
Victor Altamirano
0%
Viscardi Andrade
0%
Wang Anying
0%
Wes Albritton
0%
Yanal Ashmouz
0%
Yoji Anjo
0%
Yoshihiro Akiyama
0%
Zarrukh Adashev
0%
Zu Anyanwu
0%
No matching quizzes found
Score Distribution
Percent of People with Each Score
Percentile by Number Answered
Your Score History
You have not taken this quiz